[Event "La Paz Tricolor op"]
[Site "La Paz"]
[Date "2021.08.07"]
[Round "4"]
[White "Choque Blacutt, Joseph Cristian"]
[Black "Montevilla, Jhonny"]
[Result "1-0"]
[WhiteElo "1072"]
[BlackElo "1024"]
[PlyCount "95"]
[EventDate "2021.08.06"]
[EventType "swiss"]
[EventRounds "6"]
[EventCountry "BOL"]
[SourceTitle "EXT 2022"]
[Source "ChessBase"]
[SourceDate "2021.10.06"]
[SourceVersion "1"]
[SourceVersionDate "2021.10.06"]
[SourceQuality "1"]

1. e4 e5 2. Nf3 Nc6 3. Bb5 d6 4. Bxc6+ bxc6 5. h3 Ne7 6. 0-0 Ng6 7. c3 Ba6 8. Re1 Nf4 9. d4 Qf6 10. Bxf4 Qxf4 11. d5 Bb7 12. Qa4 Be7 13. dxc6 Bc8 14. Nbd2 0-0 15. Nf1 Bxh3 16. gxh3 Qxf3 17. Re3 Qh5 18. Ng3 Qg6 19. Kh2 Bg5 20. Rf3 Bf4 21. Kh1 Qe6 22. Nf5 g6 23. Rg1 Kh8 24. Ne3 f5 25. Qc2 Bxe3 26. fxe3 fxe4 27. Qxe4 d5 28. Rxf8+ Rxf8 29. Qg2 e4 30. Rf1 Re8 31. Qg4 Qxc6 32. Qh4 Qd7 33. Qf6+ Kg8 34. Kg2 Qe7 35. Qxe7 Rxe7 36. Rf6 Rf7 37. Rc6 Rf3 38. Rxc7 Rxe3 39. Rc8+ Kg7 40. Rc7+ Kh6 41. Rf7 a5 42. b4 axb4 43. cxb4 g5 44. b5 Kg6 45. Rf2 Rc3 46. b6 Rc8 47. a4 Rb8 48. a5 1-0

[Event "La Paz Tricolor op"]
[Site "La Paz"]
[Date "2021.08.06"]
[Round "2"]
[White "Tapia Espada, Antonio Enrique"]
[Black "Choque Blacutt, Joseph Cristian"]
[Result "1-0"]
[WhiteElo "1559"]
[BlackElo "1072"]
[PlyCount "67"]
[EventDate "2021.08.06"]
[EventType "swiss"]
[EventRounds "6"]
[EventCountry "BOL"]
[SourceTitle "EXT 2022"]
[Source "ChessBase"]
[SourceDate "2021.10.06"]
[SourceVersion "1"]
[SourceVersionDate "2021.10.06"]
[SourceQuality "1"]

1. d4 d5 2. c4 Nf6 3. Nc3 e6 4. cxd5 exd5 5. Bg5 Be7 6. e3 0-0 7. Bd3 h6 8. Bh4 b6 9. Nge2 c5 10. dxc5 bxc5 11. Bxf6 Bxf6 12. Nxd5 Bxb2 13. Rb1 Qa5+ 14. Qd2 Qxd2+ 15. Kxd2 Be5 16. Ne7+ Kh8 17. Be4 Rd8+ 18. Ke1 Be6 19. Bxa8 Bxa2 20. Rd1 Re8 21. Nc6 Nxc6 22. Bxc6 Rc8 23. Bd5 c4 24. Nd4 Rc5 25. Bxf7 Bc7 26. Ra1 Ba5+ 27. Ke2 Bb4 28. Rxa2 a5 29. Rb1 Rc7 30. Bg6 Rc5 31. Rxb4 Rc8 32. Rxa5 c3 33. Rab5 c2 34. Nxc2 1-0